Sports Quiz

Random Sports or Soccer Quiz

Reforços do Palmeiras - 2015 Quiz Stats

 Plays Quiz not verified by Sporcle

Score 0/25 Timer 08:00
0 Plays Today
Jogador % Correct
Lucas
96.1%
Vítor Hugo
95.3%
Dudu
95.3%
Zé Roberto
94%
Gabriel
93.5%
Rafael Marques
92.2%
Egídio
90.9%
Arouca
90.9%
Victor Ramos
90.5%
Aranha
90.1%
Robinho
89.7%
Jackson
87.9%
Andrei Girotto
87.1%
Jogador % Correct
Kelvin
87.1%
Alecsandro
87.1%
Cleiton Xavier
86.6%
Amaral
85.8%
Lucas Barrios
84%
Leandro Pereira
81.5%
João Paulo
81.5%
Alan Patrick
75.9%
Thiago Santos
75.2%
Ryder
73.7%
Leandro Almeida
70.7%
Fellype Gabriel
65.5%

You're not logged in!

Compare scores with friends on all Sporcle quizzes.
OR
Log In

Show Comments

Extras

Created Jun 11, 2015ReportNominate
Tags:Soccer Quiz, brazil

Top Quizzes Today


Score Distribution

Your Account Isn't Verified!

In order to create a playlist on Sporcle, you need to verify the email address you used during registration. Go to your Sporcle Settings to finish the process.

Report this User

Report this user for behavior that violates our Community Guidelines.

Details: